Sports Quiz

Random Sports Quiz

FA Cup Final Goalscorers (1989 - 2009) Quiz Stats

 Plays Quiz not verified by Sporcle

Challenge
Share
Tweet
Embed
Score 0/55 Timer 10:00
0 Plays Today
Final Player % Correct
2009 - Chelsea Vs EvertonDidier Drogba
95.7%
2007 - Chelsea Vs Man UtdDidier Drogba
95.7%
2006 - Liverpool Vs West HamSteven Gerrard
95.6%
2006 - Liverpool Vs West HamSteven Gerrard
95.6%
2009 - Chelsea Vs EvertonFrank Lampard
89.3%
2001 - Liverpool Vs ArsenalMichael Owen
86.9%
2001 - Liverpool Vs ArsenalMichael Owen
86.9%
1999 - Man Utd Vs Newcastle UtdPaul Scholes
82.5%
2008 - Cardiff Vs PortsmouthNwankwo Kanu
82.2%
1996 - Man Utd Vs LiverpoolEric Cantona
81.6%
1994 - Man Utd Vs ChelseaEric Cantona
81.6%
1994 - Man Utd Vs ChelseaEric Cantona
81.6%
1993 - Arsenal Vs Sheffield Weds (Replay)Ian Wright
79.1%
1993 - Arsenal Vs Sheffield WedsIan Wright
79.1%
1990 - Man Utd Vs Crystal PalaceIan Wright
79.1%
1990 - Man Utd Vs Crystal PalaceIan Wright
79.1%
2004 - Man Utd Vs MillwallCristiano Ronaldo
77.6%
2009 - Chelsea Vs EvertonLouis Saha
74.8%
1992 - Liverpool Vs SunderlandIan Rush
72.9%
1989 - Liverpool Vs EvertonIan Rush
72.9%
1989 - Liverpool Vs EvertonIan Rush
72.9%
1999 - Man Utd Vs Newcastle UtdTeddy Sheringham
72.3%
1994 - Man Utd Vs ChelseaMark Hughes
71.8%
1990 - Man Utd Vs Crystal PalaceMark Hughes
71.8%
1990 - Man Utd Vs Crystal PalaceMark Hughes
71.8%
1998 - Arsenal Vs Newcastle UtdNicolas Anelka
69.8%
2002 - Arsenal Vs ChelseaRay Parlour
68.5%
2003 - Arsenal Vs SouthamptonRobert Pires
66.9%
Final Player % Correct
2006 - Liverpool Vs West HamPaul Konchesky
64.2%
2002 - Arsenal Vs ChelseaFredrik Ljungberg
63.9%
2001 - Liverpool Vs ArsenalFredrik Ljungberg
63.9%
2006 - Liverpool Vs West HamDean Ashton
60.7%
1995 - Everton Vs Man UtdPaul Rideout
60.5%
1998 - Arsenal Vs Newcastle UtdMarc Overmars
52.8%
2006 - Liverpool Vs West HamDjibril Cisse
52.7%
2006 - Liverpool Vs West Ham(OG) Jamie Carragher
52.4%
2000 - Chelsea Vs Aston VillaRoberto Di Matteo
50.9%
1997 - Chelsea Vs MiddlesboroughRoberto Di Matteo
50.9%
1994 - Man Utd Vs ChelseaBrian McClair
46.6%
1991 - Tottenham Vs Notts ForrestStuart Pearce
40.6%
1989 - Liverpool Vs EvertonJohn Aldridge
39.6%
1991 - Tottenham Vs Notts Forrest(OG) Des Walker
39.5%
1992 - Liverpool Vs SunderlandMichael Thomas
39.4%
1993 - Arsenal Vs Sheffield Weds (Replay)Andy Linighan
35.7%
1993 - Arsenal Vs Sheffield Weds (Replay)Chris Waddle
35.6%
1997 - Chelsea Vs MiddlesboroughEddie Newton
35.1%
1990 - Man Utd Vs Crystal Palace (Replay)Lee Martin
34.9%
1990 - Man Utd Vs Crystal PalaceBryan Robson
33.8%
1993 - Arsenal Vs Sheffield WedsDavid Hirst
32.2%
1989 - Liverpool Vs EvertonStuart McCall
31.7%
1989 - Liverpool Vs EvertonStuart McCall
31.7%
2004 - Man Utd Vs MillwallRuud van Nistelrooy
30%
2004 - Man Utd Vs MillwallRuud van Nistelrooy
30%
1991 - Tottenham Vs Notts ForrestPaul Stewart
26.7%
1990 - Man Utd Vs Crystal PalaceGarry O'Reilly
12.7%

You're not logged in!

Compare scores with friends on all Sporcle quizzes.
Join for Free
OR
Log In

You Might Also Like...

Show Comments

Extras

Created Oct 12, 2009ReportNominate
Tags:1989, 2009, cup, FA Cup, final, Goal Scorers, player

Top Quizzes Today


Score Distribution

Your Account Isn't Verified!

In order to create a playlist on Sporcle, you need to verify the email address you used during registration. Go to your Sporcle Settings to finish the process.

Report this User

Report this user for behavior that violates our Community Guidelines.

Details: